00840nam a22002418a 450000500170000000800410001701000170005802000260007503500170010103700150011804000180013308200080015110000230015924501700018226000370035227000320038930000330042149000220045450000390047665000410051570000220055670000200057820091204111655.0090417s2009 ii 000 0 eng  aB-363365-406 a9788183481595c475.00 aB-363365-406 bDBAD / VEN adplbEnglish  a000 aTripathi, Brijesh  aPathfinder for CDS examination (Combine Defence Services) (conducted by Union Public Service Commission) /cby Brijesh Tripathi, Satyajeet Rawat [and] Neetika Goyal  aMeerutbArihant Prakashan c2009 aKalindi, TP Nagar, bMeerut aVarious pagings c30cm(pbk)  aCDSE study skills aMore than 8000 objective questions aCombine Defence Services Examination aRawat, Satyajeet  aGoyal, Neetika